000 00663nam a2200253Ia 4500
003 OSt
005 20220918204643.0
006 a|||||r|||| 00| 0
007 ta
008 220917b |||||||| |||| 00| 0 eng d
024 _a113,668
037 _cTextual
040 _aARTS
_cARTS
_beng
041 _2eng
_aeng
082 _aV5:1:N5, J61;1
100 _aGazen Charles Downer
_9112720
245 0 _aModern Europe upto 1945
250 _a3rd
260 _c1956
490 _aAmerican historucal series ed by Charles H Haskins
650 _aHISTORY
942 _hV5:1:N5, J61;1
_cTEXL
_2CC
999 _c236999
_d236999